|
|
|
|
| LEADER |
00653cam a2200217 7i4500 |
| 001 |
0000007393 |
| 005 |
20041211090000.0 |
| 020 |
0 |
0 |
|a 9812040579
|
| 090 |
0 |
0 |
|a CHIL 306.983
|b ROR
|
| 100 |
1 |
0 |
|a Roraff
|
| 245 |
1 |
0 |
|a Culture shock! :
|b Chile.
|
| 260 |
0 |
0 |
|a Singapore:
|b Times Book International,
|c 1998.
|
| 300 |
# |
# |
|a 227 p.
|
| 440 |
0 |
0 |
|a Culture shock!
|
| 650 |
0 |
0 |
|a Culture --
|z Chile
|
| 650 |
0 |
0 |
|a Etiquette --
|z Chile
|
| 650 |
0 |
0 |
|a Chile --
|x Social life and customs
|
| 651 |
0 |
0 |
|a Chile
|
| 700 |
1 |
1 |
|a Camacho,
|h Laura
|
| 999 |
|
|
|a B000016599
|b Book
|c Countries
|e Business Information Centre
|
| 999 |
|
|
|a B000010865
|b Book
|c Countries
|e Business Information Centre
|